000 00309nam a22001217a 4500
040 _cRUA
082 _aOPG SOK 2020 A126 Or.
100 _aSOK UDOM DETH
245 _aA Histrory of Cambodia-Thailand Diplomatic Ralations 1950-2020
260 _aRUA
_bPhnom Penh
_c2020
300 _a231P.
_c22Cm
942 _cEK
999 _c25430
_d25430